| 000 | 00439nam a22001457a 4500 | ||
|---|---|---|---|
| 999 |
_c3655 _d3655 |
||
| 008 | 200624b ||||| |||| 00| 0 eng d | ||
| 020 | _a9280110861 | ||
| 082 | 0 | 0 |
_a363.123 _bI325 |
| 110 |
_9806 _aIMCO |
||
| 245 | 1 | 0 |
_aTanker Casualties Report : Report of the Sub-Group on Tanker Casualties of the United Kingdom Tanker Safety Group / _cby IMCO |
| 260 |
_aLondon _bIMCO _c1978 |
||
| 300 | _a30 p. | ||
| 650 | 0 | _aMarine Accidents | |
| 942 | _cBK | ||